LEADER 00801nam0-22003011i-450- 001 990001349860403321 010 $a0-12-222695-X 035 $a000134986 035 $aFED01000134986 035 $a(Aleph)000134986FED01 035 $a000134986 100 $a20000920d1995----km-y0itay50------ba 101 0 $aeng 200 1 $aTunable Lasers Handbook$fEdited by F.J. Duarte 210 $aSan Diego [CA]$cAcademic Press$d1995 225 1 $aOptics and photonics 610 0 $aLaser 610 0 $aElettronica quantistica 676 $a537.2 700 1$aDuarte,$bFrank J.$060901 801 0$aIT$bUNINA$gRICA$2UNIMARC 901 $aBK 912 $a990001349860403321 952 $a27A-081$b5042$fFI1 959 $aFI1 996 $aTunable Lasers Handbook$9376153 997 $aUNINA DB $aING01 LEADER 00901nam0-22002891i-450- 001 990003735450403321 005 20060314111145.0 010 $a88-15-07235-7 035 $a000373545 035 $aFED01000373545 035 $a(Aleph)000373545FED01 035 $a000373545 100 $a20030910d1999----km-y0itay50------ba 101 0 $aita 105 $ay-------001yy 200 1 $aInnovazione tecnologica e capitale umano in Italia ( 1880-1914 )$fM. Vasta$eLe traiettorie della seconda rivoluzione industriale 210 $aBologna$cil Mulino$d1999 215 $a283p.$d21cm 700 1$aVasta ,$bMichelangelo$0140036 801 0$aIT$bUNINA$gRICA$2UNIMARC 901 $aBK 912 $a990003735450403321 952 $aN6.317$b8126$fDECTS 952 $aN6.317-BIS$b10346$fDECTS 959 $aDECTS 996 $aInnovazione tecnologica e capitale umano in Italia, 1880-1914$952404 997 $aUNINA